000 01529nam a22003017a 4500
003 OSt
005 20260318120709.0
008 231026b |||||||| |||| 00| 0 eng d
020 _a9789584292827
037 _3Donación
040 _aCO-JMCR
_cCO-JMCR
_dCO-JMCR
_erda
_bspa
041 _aspa
082 _aA-N
_bCUNh
100 _eautor
_aCunningham, Michael,
_943385
245 _aLas horas /
_cMichael Cunningham
260 _aBogotá
_bEditores tusquets
_c2006
300 _a294 páginas :
_c22 cm.
490 _aColección andanzas
500 _aIncluye datos biográfico del autor en la solapa.
520 3 _aEn el Londres de los años veinte, Virginia Woolf empieza a concebir una nueva obra, la que será la célebre novela La señora Dalloway. En 1949, Laura Brown, una joven ama de casa de Los Angeles, prepara una tarta de cumpleaños para su marido con la ayuda de su hijo pequeño, Richie, mientras sólo piensa en seguir leyendo la novela de Virginia Woolf. En los años noventa, en Nueva York, Clarissa Vaughan compra flores para una fiesta en honor de Richard, un antiguo amigo enfermo de SIDA que ha recibido un importante premio literario.
521 _aRecomendado para mayores de 18 años
650 _2JMCR
_aLiteratura estadounidense
_ySiglo XX
_913472
650 _aNovela Estadounidense
_ySiglo XX
_96991
_2JMCR
650 _aMujeres en la literatura
_96298
_2JMCR
650 _aFeminismo en la literatura
_943379
_2JMCR
700 1 _aValencia Vargas, Margarita
_eTraductora
_943386
942 _2ddc
_cBK
999 _c30281
_d16665